The hotel guest / Rosemary Hennigan.
Available copies
- 0 of 2 copies available at LARL/NWRL Consortium.
- 0 of 2 copies available at Lake Agassiz Regional Library. (Show preferred library)
Current holds
0 current holds with 2 total copies.
Show Only Available Copies
| Location | Call Number / Copy Notes | Barcode | Shelving Location | Status | Due Date |
|---|---|---|---|---|---|
| Crookston Public Library | HEN (Text) | 33500014383228 | New | Checked out | 07/14/2026 |
| Fertile Public Library | HEN (Text) | 33500014383236 | New | Checked out | 07/16/2026 |
Record details
- ISBN: 9781525830341
- ISBN: 1525830341
- Physical Description: 309 pages ; 24 cm.
- Publisher: Toronto, Ontario : Park Row Books, 2026.
Content descriptions
| Summary, etc.: | "Kit's summer position at the Abbaye de Saint ... Read More |
Search for related items by subject
| Subject: | Hotels > Fiction. Authors > Fiction. Secrecy > Fiction. Alps, French (France) > Fiction. Fiction. |
| Genre: | Thrillers (Fiction) Detective and mystery fiction. |
| LDR | 02504cam a2200457 i 4500 | ||
|---|---|---|---|
| 001 | 485031 | ||
| 003 | LARL_NWRL_CONSORTIUM | ||
| 005 | 20260526161814.0 | ||
| 008 | 250929s2026 onc e 000 1 eng d | ||
| 040 | . | ‡aIG# ‡beng ‡erda ‡cIG# ‡dBDX ‡dOCLCQ ‡dHQD ‡dOCLCO ‡dHBP ‡dOCLCO ‡dRNL | |
| 020 | . | ‡a9781525830341 ‡q(hardcover) | |
| 020 | . | ‡a1525830341 | |
| 035 | . | ‡a(OCoLC)1541861141 | |
| 082 | 0 | 4. | ‡a813.54 ‡223 |
| 100 | 1 | . | ‡aHennigan, Rosemary, ‡eauthor. |
| 245 | 1 | 4. | ‡aThe hotel guest / ‡cRosemary Hennigan. |
| 264 | 1. | ‡aToronto, Ontario : ‡bPark Row Books, ‡c2026. | |
| 300 | . | ‡a309 pages ; ‡c24 cm. | |
| 336 | . | ‡atext ‡btxt ‡2rdacontent | |
| 337 | . | ‡aunmediated ‡bn ‡2rdamedia | |
| 338 | . | ‡avolume ‡bnc ‡2rdacarrier | |
| 520 | . | ‡a"Kit's summer position at the Abbaye de Saint Maurice, an upscale hotel in the French Alps, was meant to be a new start. But after she became entangled with a mysterious group of guests, the estate came to hold her darkest secret, which left her with no choice but to flee. After a decade spent laying low, Kit receives an invitation to return to the hotel. But who is calling her back? And why, when they all promised to stay away? Kit can't resist the pull of the Abbaye and the chance to finally find closure. But upon arrival, she learns that a former flame is writing a book that could expose the group's shared secret. The others need her help to stop him, but will Kit be able to betray the man she once loved for the good of the rest? And how far are her old friends willing to go to protect themselves? When new details surface about that long ago summer, Kit is forced to question the story she's been telling herself, about its disturbing ending, and what it all says about the person she really is."--Amazon. | |
| 650 | 0. | ‡aHotels ‡vFiction. ‡0(LARL_NWRL_CONSORTIUM)165690 | |
| 650 | 0. | ‡aAuthors ‡vFiction. ‡0(LARL_NWRL_CONSORTIUM)163244 | |
| 650 | 0. | ‡aSecrecy ‡vFiction. ‡0(LARL_NWRL_CONSORTIUM)167261 | |
| 651 | 0. | ‡aAlps, French (France) ‡vFiction. | |
| 650 | 0. | ‡aFiction. ‡0(LARL_NWRL_CONSORTIUM)20140 | |
| 655 | 7. | ‡aThrillers (Fiction) ‡2lcgft | |
| 655 | 7. | ‡aDetective and mystery fiction. ‡2lcgft | |
| 936 | . | ‡aBATCHLOAD | |
| 901 | . | ‡a485031 ‡bOCoLC ‡c485031 ‡tbiblio ‡soclc | |

Add to basket
Permalink
Disable Highlighting